000 00592cam a2200205 a 4500
001 000018047
005 20200929165331.0
008 791226s1978 ht 000 0 crp d
040 _aDO-SdBNP
_bcrp
_cLC
_dBNPHU
050 0 0 _aPM7854.H3
_bB3
082 _ann*
_bB334b
100 1 _aBatravil, Dominique.
_939128
245 1 0 _aBoulpik :
_bpoèmes /
_cDominique Batravil.
260 _aPort-au-Prince :
_bChoucoune,
_c1978.
300 _a27 p. ;
_c21 cm.
490 1 _aPoésie/Choucoune.
_v3
830 0 _aPoésie/Choucoune.
_v3
_939129
910 _aCatalogación por copia / LC
049 _aBNGR
999 _c17569
_d17569